General Trivia Sprint #1 - Statistics

General Stats
  • This quiz has been taken 12 times
  • The average score is 5 of 10
Answer Stats
Question Answer % Correct
How are the top 5 cities in the United States ordered by population? New York, Los Angeles, Chicago, Houston, Phoenix
92%
How many stripes are in the United States Flag? 13
75%
What is the most amount of points you can score with one dart in darts? 60
75%
What was Theodore Roosevelt's iconic phrase about American foreign policy? "Speak softly and carry a big stick"
67%
Which author wrote both "Of Mice and Men" and "the Grapes of Wrath"? John Steinbeck
58%
Which one of these is not a real AP class? AP Spelling
50%
What year was Jetpunk founded? 2008
42%
What is the most common badge to have on Jetpunk? 196
17%
How many minigames does Jetpunk have? 7
17%
What is the least common badge to have on Jetpunk? Multiple Choice City Quiz
0%
No matching quizzes found
Score Distribution
Percent of People with Each Score
Percentile by Number Answered
Your Score History
You have not taken this quiz